00540nam a22001577a 4500008004100000020001500041050002300056100002100079245012400100250001200224260003900236300001400275650004200289650002700331650002400358220822b |||||||| |||| 00| 0 eng d a1462549030 aHA31.3b.H39 2022  aHayes, Andrew F. aIntroduction to Mediation, Moderation, and Conditional Process Analysis:ba Regression-Based Approach/cAndrew F. Hayes a3rd ed. aNew YorkbThe Guilford Pressc2022 axx, 731p. aSocial sciencesvStatistical methods  aMediation vstatistics aRegression analysis